Europa 92 : (Record no. 193274)

MARC details
000 -LEADER
campo de control de longitud fija 01492nam a2200421 i 4500
001 - NÚMERO DE CONTROL
campo de control 193274
003 - IDENTIFICADOR DE NÚMERO DE CONTROL
campo de control SpMaBN
005 - FECHA Y HORA DE LA ÚLTIMA TRANSACCIÓN
campo de control 20240825203916.0
007 - CAMPO FIJO DE DESCRIPCIÓN FÍSICA--INFORMACIÓN GENERAL
campo de control de longitud fija ta
008 - DATOS DE LONGITUD FIJA--INFORMACIÓN GENERAL
campo de control de longitud fija 921021s1989 sp | |||| ||spa d
016 7# - NÚMERO DE CONTROL DE UNA AGENCIA BIBLIOGRÁFICA NACIONAL
Número de control del registro bimoBNE19930484927
Número de control cancelado/no válido SIC92003989
Fuente SpMaBN
017 ## - NÚMERO DE COPYRIGHT O DE DEPÓSITO LEGAL
Número de copyright o de depósito legal B 20747-1989
Agencia que asigna Oficina Depósito Legal Barcelona
020 ## - NÚMERO INTERNACIONAL ESTÁNDAR DEL LIBRO
Número Internacional Estándar del Libro 8401333547
035 ## - NÚMERO DE CONTROL DEL SISTEMA
Número de control de sistema (OCoLC)435061533
035 ## - NÚMERO DE CONTROL DEL SISTEMA
Número de control de sistema bimo0000322438
040 ## - FUENTE DE CATALOGACIÓN
Centro catalogador/agencia de origen SpMaBN
Lengua de catalogación spa
Centro/agencia transcriptor SIC
080 ## - NÚMERO DE LA CLASIFICACIÓN DECIMAL UNIVERSAL
Número de la Clasificación Decimal Universal 341.176(4-672 CE)
100 1# - ENTRADA PRINCIPAL--NOMBRE DE PERSONA
Nombre de persona Barón, Enrique,
Fechas asociadas al nombre 1944-
Número de control del registro de autoridad o número normalizado XX874845
Término indicativo de función/relación Autor
9 (RLIN) 25767
245 10 - MENCIÓN DEL TÍTULO
Título Europa 92 :
Resto del título el rapto del futuro /
Mención de responsabilidad, etc. Enrique Barón
250 ## - MENCION DE EDICION
Mención de edición Primera edición: junio, 1989
260 ## - PUBLICACIÓN, DISTRIBUCIÓN, ETC.
Lugar de publicación, distribución, etc. Esplugues de Llobregat (Barcelona) :
Nombre del editor, distribuidor, etc. Plaza & Janés,
Fecha de publicación, distribución, etc. 1989
300 ## - DESCRIPCIÓN FÍSICA
Extensión 187 páginas ;
Dimensiones 22 cm
336 ## - TIPO DE CONTENIDO
Fuente rdacontent
Término de tipo de contenido Texto
337 ## - TIPO DE MEDIO
Fuente rdamedia
Nombre/término del tipo de medio sin mediación
338 ## - TIPO DE SOPORTE
Fuente rdacarrier
Nombre/término del tipo de soporte volumen
490 1# - MENCIÓN DE SERIE
Mención de serie Plaza & Janés época
500 ## - NOTA GENERAL
Nota general Índice
504 ## - NOTA DE BIBLIOGRAFÍA, ETC.
Nota de bibliografía, etc. Referencias bibliográficas
610 24 - PUNTO DE ACCESO ADICIONAL DE MATERIA--NOMBRE DE ENTIDAD CORPORATIVA
Nombre de entidad corporativa o nombre de jurisdicción como elemento de entrada Comunidades Europeas
Fuente del encabezamiento o término embne
9 (RLIN) 3139
830 ## - PUNTO DE ACCESO ADICIONAL DE SERIE-TÍTULO UNIFORME
9 (RLIN) 231362
Título uniforme Plaza & Janés época
852 ## - LOCALIZACIÓN
Ubicación ES-MaACL
Sublocalización o colección R. 154678
Ubicación en estantería Depósito J
itemnumber 200705
Encuadernación Encuadernación rústica
Donativo/Legado Donación: Enrique Barón
Número de control de estantería N-9452
903 ## - NOMBRE PERSONAL DE DONANTE
a Barón, Enrique,
d 1944-
e Donante
9 25767
942 ## - ELEMENTOS DE ENTRADA SECUNDARIOS (KOHA)
Suprimir en OPAC No
Tipo de ítem Koha Libro impreso
Holdings
Estatus retirado Estado de pérdida Fuente del sistema de clasificación o colocación Estado de daño No para préstamo Biblioteca de origen Biblioteca actual Ubicación en estantería Fecha de adquisición Fuente de adquisición Número de control de estantería Total de préstamos Signatura topográfica completa Código de barras Visto por última vez Tipo de ítem Koha
    Clasificación decimal universal     Biblioteca del Ateneo de Madrid Biblioteca del Ateneo de Madrid Depósito J 26/10/2023 Donación Ateneísta   N-9452 101205993 26/10/2023 Libro impreso